000 00522nam a2200205Ia 4500
005 20251114161110.0
008 230125s9999 xx 000 0 und d
020 _a978-93-81115-67-1
041 _aeng
082 _a158.1
_bLEA
100 _aLEAP
_9214936
245 _aGoals : Setting and Realisation
260 _c2011
_bLeadstart Publisher
_aMumbai
300 _a130p
500 _aPersonality Development,
650 _aPersonality Development
_9213420
700 _aLEAP
_9214936
906 _b25
942 _cBK
999 _c86542
_d86542